Dzielnice Warszawy według podpowiedzi - Statystyki

Ogólne statystyki
  • Ten quiz został rozwiązany 52 razy
  • Średni wynik to 15 z 18
Statystyki odpowiedzi
Podpowiedź Dzielnica % Poprawnych
Pałac Kultury i Nauki znajduje się w tej dzielnicy Śródmieście
98%
Według stereotypów jest najbardziej niebezpieczna Praga Północ
93%
Znajduje się tutaj muzeum pałacu króla Jana III Sobieskiego Wilanów
93%
Najbardziej zaludniona dzielnica Mokotów
87%
Na terenie tej dzielnicy znajduje się Stadion Narodowy Praga Południe
87%
Mieszka tutaj Jarosław Kaczyński Żoliborz
87%
Znajduje się tutaj galeria Marywilska 44 Białołęka
84%
Znajduje się tutaj Bródno Targówek
84%
Największa dzielnica Wawer
84%
Najmłodsza dzielnica (najpóźniej przyłączona, w 2002) Wesoła
84%
W tej dzielnicy znajduje się lotnisko im. Fryderyka Chopina Włochy
84%
Na lotnisku w tej dzielnicy w 1996 zagrał swój koncert Michael Jackson Bemowo
82%
W czasie Powstania Warszawskiego (5-12 sierpnia 1944) Niemcy dokonali tutaj rzezi mieszkańców Wola
82%
Najmniejsza dzielnica Ursus
80%
Jej nazwa pochodzi od białego koloru habitu noszonego przez kamedułów Bielany
78%
Najmniej zaludniona dzielnica Rembertów
76%
Na blokowisku w tej dzielnicy toczyła się główna akcja filmu ,,Dzień Świra" Ursynów
73%
Jej nazwa pochodzi od nazwy karczmy Ochota
69%
Nie znaleziono quizów pasujących do podanych kryteriów
Rozkład punktacji
Procent ludzi z każdym wynikiem
Percentyl według liczby udzielonych odpowiedzi
Twoja historia wyników
Nie rozwiązałeś tego quizu